000 00436nam a2200157Ia 4500
003 GCL
008 140319s9999 xx 000 0 eng d
040 _aGCL /
_cGCL
082 0 4 _aCH
_b423.1
_bB Y
100 1 _aBROWN, AMY L.
245 1 0 _aYOUNG SET DICTIONARY /
_cBROWN, AMY L.
700 1 _aBROWN, AMY L. AND OTHER'S
260 _a[S.N] :
_bW & R CHOMBERS LTD ،
_c1981
650 0 4 _aENCYCLOPEDIAS AND DICTIONARIES
942 _2ddc
_cBK
999 _c17467
_d17467